LEADER 01916nam 2200433 450 001 9910466715603321 005 20200120114151.0 010 $a2-335-06715-X 035 $a(CKB)3790000000023493 035 $a(EBL)2086646 035 $a(MiAaPQ)EBC2086646 035 $a(Au-PeEL)EBL2086646 035 $a(OCoLC)914148061 035 $a(EXLCZ)993790000000023493 100 $a20200120d2015 uy 0 101 0 $afre 135 $aur|n|---||||| 181 $ctxt$2rdacontent 182 $cc$2rdamedia 183 $acr$2rdacarrier 200 10$aFleurs latines des dames et des gens du monde /$fPierre Larousse 210 1$a[Place of publication not identified] :$cLigaran,$d[2015] 210 4$dİ2015 215 $a1 online resource (1059 p.) 300 $aDescription based upon print version of record. 327 $aDonec eris felix, multos numerabis amicos 330 $a Extrait : ""On voyait autrefois dans un temple de l'i?le de Chio une statue de Minerve, dont le visage paraissait triste et auste?re a? ceux qui entraient, doux et souriant a? ceux qui sortaient. Il n'en sera pas ainsi de ce livre: le sourire est a? l'entre?e, gra?ce au mai?tre qui a bien voulu e?lever un magnifique portique a? notre modeste monument.""A? PROPOS DES E?DITIONS LIGARANLes e?ditions LIGARAN proposent des versions nume?riques de qualite? de grands livres de la litte?rature classique mais e?galement des livres rares en partenariat avec la BNF. Beaucoup de soins sont apporte?s a? ces versions ebook p 606 $aQuotations, French 608 $aElectronic books. 615 0$aQuotations, French. 676 $a084.1 700 $aLarousse$b Pierre$f1817-1875,$0169486 801 0$bMiAaPQ 801 1$bMiAaPQ 801 2$bMiAaPQ 906 $aBOOK 912 $a9910466715603321 996 $aFleurs latines des dames et des gens du monde$91937913 997 $aUNINA LEADER 01374nam 2200421 450 001 9910511426603321 010 $a1-78754-897-X 035 $a(CKB)3790000000539635 035 $a(MiAaPQ)EBC5184977 035 $a(EXLCZ)993790000000539635 100 $a20180110h20172017 uy 0 101 0 $aeng 135 $aurcnu|||||||| 181 $2rdacontent 182 $2rdamedia 183 $2rdacarrier 200 00$aAccounting and governance in Africa /$fguest editors, Mathew Tsamenyi, Teerooven Soobaroyen and Haresh Sapra 210 1$a[Place of publication not identified] :$cEmerald Publishing Limited,$d2017. 210 4$dİ2017 215 $a1 online resource (108 pages) $cillustrations, tables 225 0 $aJournal of Accounting in Emerging Economies,$x2042-1168 ;$vVolume 7, Number 4 311 $a1-78754-896-1 320 $aIncludes bibliographical references at the end of each chapters. 606 $aAccounting$zAfrica 607 $aAfrica$xPolitics and government 608 $aElectronic books. 615 0$aAccounting 676 $a320.96 702 $aTsamenyi$b Mathew 702 $aSoobaroyen$b Teerooven 702 $aSapra$b Haresh 801 0$bMiAaPQ 801 1$bMiAaPQ 801 2$bMiAaPQ 906 $aBOOK 912 $a9910511426603321 996 $aAccounting and governance in Africa$92552211 997 $aUNINA